| 000 | 00737cab a2200229 4500 | ||
|---|---|---|---|
| 001 | ABS42026 | ||
| 008 | 090401t1990 xxu||||| |||| 00| 0 eng d | ||
| 035 | _a(Sirsi) u34176 | ||
| 041 | _aeng | ||
| 245 | _aPreventing legionellosis | ||
| 260 | _c1990 | ||
| 350 | _a0 | ||
| 490 |
_aHealth & Safety Information Bulletin _v169 10 January 1990, 5-8(4) |
||
| 520 | _aLooks at the background to legionnaires disease and gives details of some of the preventative legislation now being prepared by the Health and Safety Executive in a consultative document. | ||
| 650 | _aBBC | ||
| 650 | _aCOOLING TOWERS | ||
| 650 | _aCOSHH | ||
| 650 | _aWATER | ||
| 690 | _aOFFICE SERVICES AND ADMINISTRATION | ||
| 942 | _n0 | ||
| 948 | _c04/03/1997 | ||
| 999 |
_c22672 _d22672 |
||